000 00496nam a2200181Ia 4500
005 20250508151731.0
008 008 250505s9999 xx 000 0 eng d
037 _aTextual
040 _aFEDL
_beng
_cFEDL
041 _aeng
_2eng
084 _a323.6, GIB
_qFEDL
100 _aGibberd K.
245 0 _aCitizenship through the newspaper
260 _aLondon, UK
_bJ. M. Dent and Sons Ltd.
_c1951
300 _ax,188p.
942 _cTEXL
_h323.6, GIB
999 _c1331777
_d1331777